| 000 -ლიდერი |
| ფიქსირებული სიგრძის საკონტროლო ველი |
01497nam a2200217Ia 4500 |
| 001 - საკონტროლო ნომერი |
| საკონტროლო ველი |
19973 |
| 003 - საკონტროლო ნომრის იდენტიფიკატორი |
| საკონტროლო ველი |
GE_BSU |
| 005 - ბოლო ოპერაციის თარიღი და დრო |
| საკონტროლო ველი |
20190625200855.0 |
| 008 - ფიქსირებული სიგრძის მონაცემთა ელემენტები - ზოგადი ინფორმაცია |
| ფიქსირებული სიგრძის საკონტროლო ველი |
181216s1958|||| |||||||||||||| ||geo|| |
| 080 ## - უნივერსალური ათობითი კლასიფიკაციის ინდექსი |
| Universal Decimal Classification number |
81'374.3=353.1 ქ-27 |
| 245 ## - ცნობა სათაურის შესახებ |
| Title |
ქართული ენის განმარტებითი ლექსიკონი. ტ. 5 : მ - ნ / |
| Statement of responsibility, etc |
მთ. რედ : გ. ახვლედიანი ; [და სხვ.] მეხუთე ტომის რედ : ს.ვაჩნაძე; ოტ. კახაძე ; არნ. ჩიქობავას საერთო რედაქციით. |
| 264 ## - წარმოების, გამოცემის, დისტრიბუციის და სხვა ცნობები |
| გამოცემის, წარმოების, დისტრიბუციის... ადგილი |
თბილისი : |
| გამოცემის, წარმოების, დისტრიბუციის... სახელწოდება |
საქ. სსრ მეცნ. აკად. გამ-ბა, |
| გამოცემის, წარმოების, დისტრიბუციის... თარიღი |
1958. |
| 300 ## - ფიზიკური აღწერა |
| Extent |
1524 გვ.: |
| Dimensions |
28 სმ. |
| 546 ## - LANGUAGE NOTE |
| Language note |
პარალ. თავფურ. რუს. ენ. |
| 653 ## - INDEX TERM--UNCONTROLLED |
| Uncontrolled term |
ქართული ენის განმარტებითი ლექსიკონი. ტ. 5 : მ - ნ |
| 700 ## - ADDED ENTRY--PERSONAL NAME |
| Personal name |
ხვლედიანი, გ [და სხვ.] |
| Relator term |
მთავარი რედაქცია |
| 9 (RLIN) |
2915 |
| 700 ## - ADDED ENTRY--PERSONAL NAME |
| Personal name |
ვაჩნაძე., ს |
| Relator term |
მეხუთე ტომის რედაქტორი |
| 9 (RLIN) |
2916 |
| 700 ## - ADDED ENTRY--PERSONAL NAME |
| Personal name |
კახაძე, ოტ |
| Relator term |
მეხუთე ტომის რედაქტორი |
| 9 (RLIN) |
2917 |
| 700 ## - ADDED ENTRY--PERSONAL NAME |
| Personal name |
ჩიქობავა, არნოლდის |
| Relator term |
საერთო რედაქციით |
| 9 (RLIN) |
2907 |
| 942 ## - ADDED ENTRY ELEMENTS (KOHA) |
| Koha item type |
წიგნი |
| Source of classification or shelving scheme |
|